Statistics for Every 10K City in Canada on a map

Click here to take the quiz!

General Stats

  • This quiz has been taken 41 times
  • The average score is 32 of 212

Answer Stats

Population State City % Correct
3,519,595QuebecMontréal
100%
2,264,823British ColumbiaVancouver
100%
989,567OntarioOttawa
97%
1,062,643AlbertaEdmonton
97%
1,237,656AlbertaCalgary
97%
5,429,524OntarioToronto
97%
705,103QuebecQuébec
92%
316,701Nova ScotiaHalifax
83%
711,925ManitobaWinnipeg
83%
245,181SaskatchewanSaskatoon
72%
214,631SaskatchewanRegina
72%
383,437OntarioLondon
69%
335,696British ColumbiaVictoria
69%
25,085YukonWhitehorse
64%
178,427Newfoundland and LabradorSt. John's
64%
58,341New BrunswickSaint John
64%
693,645OntarioHamilton
64%
93,952OntarioThunder Bay
61%
12,046Newfoundland and LabradorGrand Falls-Windsor
61%
18,884Northwest TerritoriesYellowknife
61%
287,069OntarioWindsor
58%
470,015OntarioKitchener
50%
44,739Prince Edward IslandCharlottetown
42%
88,054OntarioSudbury
42%
229,246OntarioSt. Catharines - Niagara Falls
42%
62,935AlbertaMedicine Hat
39%
59,405New BrunswickFredericton
39%
66,313OntarioSault Ste. Marie
39%
108,620New BrunswickMoncton
39%
66,573AlbertaFort McMurray
36%
99,718AlbertaRed Deer
36%
117,660OntarioKingston
33%
78,026British ColumbiaKamloops
33%
48,324ManitobaBrandon
31%
151,957British ColumbiaKelowna
31%
87,572AlbertaLethbridge
28%
29,904Nova ScotiaCape Breton - Sydney
28%
32,724SaskatchewanMoose Jaw
25%
139,565QuebecSherbrooke
25%
35,102SaskatchewanPrince Albert
25%
308,875OntarioOshawa
25%
145,614OntarioBarrie
25%
132,397OntarioGuelph
25%
12,878ManitobaThompson
22%
11,733British ColumbiaPrince Rupert
22%
114,203QuebecTrois-Rivières
22%
65,510British ColumbiaPrince George
19%
72,125OntarioSarnia
19%
29,331OntarioTimmins
19%
10,220Newfoundland and LabradorGander
19%
50,396OntarioNorth Bay
17%
19,547Newfoundland and LabradorCorner Brook
17%
82,094OntarioPeterborough
17%
31,400AlbertaLloydminster
17%
16,022SaskatchewanSwift Current
14%
12,086New BrunswickEdmundston
14%
22,954Nova ScotiaTruro
14%
121,279British ColumbiaAbbotsford
14%
92,004British ColumbiaNanaimo
14%
62,320AlbertaGrande Prairie
14%
10,687OntarioKenora
11%
11,764AlbertaCanmore
11%
13,567SaskatchewanNorth Battleford
11%
28,833AlbertaOkotoks
11%
13,814Prince Edward IslandSummerside
11%
20,712British ColumbiaPort Alberni
11%
33,617British ColumbiaPenticton
11%
18,520AlbertaCamrose
11%
12,949ManitobaPortage la Prairie
8%
61,082AlbertaAirdrie
8%
19,259British ColumbiaCranbrook
8%
17,587British ColumbiaSquamish
8%
11,329New BrunswickChatham - Douglastown
8%
23,278British ColumbiaDuncan
8%
104,222QuebecChicoutimi - Jonquière
8%
29,556AlbertaLeduc
8%
23,895AlbertaFort Saskatchewan
8%
68,601QuebecDrummondville
8%
25,541QuebecVal-d'Or
8%
48,073British ColumbiaVernon
8%
19,897British ColumbiaFort St. John
8%
73,161British ColumbiaChilliwack
8%
40,404OntarioWoodstock
8%
19,472AlbertaChestermere
8%
43,550OntarioChatham
8%
36,942QuebecRimouski
8%
10,664British ColumbiaNelson
8%
44,735QuebecVictoriaville
8%
16,041SaskatchewanYorkton
8%
36,135AlbertaSpruce Grove
8%
11,258SaskatchewanEstevan
8%
14,942AlbertaSylvan Lake
6%
24,445New BrunswickQuispamsis - Rothesay
6%
84,685QuebecSaint-Jean-sur-Richelieu
6%
21,406QuebecAlma
6%
15,557New BrunswickBathurst
6%
14,311ManitobaWinkler
6%
17,973QuebecRivière-du-Loup
6%
13,663British ColumbiaTerrace
6%
45,018British ColumbiaCourtenay
6%
67,666OntarioBelleville
6%
33,261British ColumbiaMission
6%
35,138British ColumbiaCampbell River
6%
38,211QuebecShawinigan
6%
31,053OntarioStratford
6%
12,486AlbertaWetaskiwin
6%
59,691QuebecGranby
6%
13,701OntarioPetawawa
6%
45,723OntarioCornwall
6%
13,420AlbertaHigh River
6%
12,310OntarioParis
3%
12,643British ColumbiaTrail - Fruitvale
3%
12,587OntarioIngersoll
3%
12,587OntarioPort Hope
3%
117,304OntarioKanata
3%
11,574British ColumbiaDawson Creek
3%
17,556Nova ScotiaGlace Bay
3%
12,442AlbertaLacombe
3%
93,729British ColumbiaWhite Rock
3%
14,436AlbertaBrooks
3%
13,592AlbertaStrathmore
3%
13,910OntarioAmherstburg
3%
13,595OntarioNew Hamburg
3%
11,936OntarioCarleton Place
3%
14,753ManitobaSteinbach
3%
12,088Nova ScotiaKentville
3%
12,064British ColumbiaQuesnel
3%
101,715OntarioMilton
3%
98,179OntarioBrantford
3%
16,174QuebecThetford Mines
3%
10,787QuebecMatane
3%
25,289AlbertaCochrane
3%
10,637British ColumbiaLadysmith
3%
26,921QuebecSaint-Georges
3%
24,353OntarioMidland
3%
23,574British ColumbiaParksville
3%
77,146QuebecSaint-Jérôme
3%
18,665Nova ScotiaNew Glasgow
3%
10,498OntarioElliot Lake
3%
29,862OntarioBradford
3%
42,123OntarioGeorgetown
3%
10,508British ColumbiaWilliams Lake
3%
50,032QuebecSaint-Hyacinthe
3%
10,005QuebecAmos
3%
62,388OntarioWelland - Pelham
3%
30,734OntarioOrangeville
3%
31,128OntarioOrillia
3%
22,218QuebecSept-Îles
3%
10,679SaskatchewanWeyburn
3%
21,419QuebecHudson
3%
10,961SaskatchewanWarman
3%
12,384British ColumbiaPowell River
3%
11,083QuebecSainte-Marie
3%
22,032OntarioOwen Sound
3%
10,716New BrunswickCampbellton
3%
21,854OntarioBrockville
3%
10,098OntarioWallaceburg
0%
12,302OntarioRockland
0%
11,108QuebecSainte-Agathe-des-Monts - Val-David
0%
11,388QuebecDolbeau
0%
11,549QuebecHauterive
0%
10,161OntarioElmira
0%
11,715OntarioHawkesbury
0%
10,082QuebecLachute
0%
10,865QuebecSainte-Anne-des-Plaines
0%
10,643QuebecSaint-Canut
0%
11,834OntarioBeamsville
0%
11,832OntarioUxbridge
0%
11,809QuebecCowansville
0%
12,007British ColumbiaAldergrove
0%
10,767QuebecLavaltrie
0%
10,426OntarioArnprior
0%
17,396QuebecLes Coteaux
0%
22,193British ColumbiaLadner
0%
23,504QuebecRouyn-Noranda
0%
23,992OntarioInnisfil
0%
21,588British ColumbiaTsawwassen
0%
20,830QuebecMagog
0%
20,575QuebecVarennes
0%
20,713OntarioLindsay
0%
20,767OntarioFergus
0%
26,378OntarioBolton
0%
26,757OntarioKeswick - Elmhurst Beach
0%
39,371OntarioBowmanville
0%
41,813OntarioSt. Thomas
0%
45,508QuebecJoliette
0%
39,048QuebecSalaberry-de-Valleyfield
0%
36,088QuebecSorel
0%
71,164QuebecChâteauguay
0%
32,634OntarioStouffville
0%
32,991OntarioLeamington
0%
20,102OntarioCollingwood
0%
19,031OntarioCobourg
0%
14,401OntarioStrathroy
0%
14,621OntarioFort Erie
0%
15,037OntarioPort Colborne
0%
13,922OntarioSimcoe
0%
13,865QuebecPort-Alfred - Bagotville
0%
12,710QuebecLaurentides
0%
12,823Nova ScotiaSydney Mines
0%
12,875British ColumbiaSalmon Arm
0%
15,594OntarioTillsonburg
0%
15,906QuebecL'Assomption
0%
17,451OntarioValley East
0%
17,808OntarioWasaga Beach
0%
18,809OntarioAlliston
0%
17,396AlbertaBeaumont
0%
50,845QuebecBeloeil
0%
15,940OntarioPembroke
0%
16,271AlbertaStony Plain
0%
16,685QuebecBuckingham
0%
12,640OntarioAngus - Borden
0%

Score Distribution

Percentile by Number Answered

Percent of People with Each Score

Your Score History

You have not taken this quiz